2012-13 Premier League Teams Quiz Stats

 Plays Quiz not verified by Sporcle

Challenge
Share
Tweet
Embed
Score 0/20 Timer 04:00
0 Plays Today
% Correct
Chelsea
100%
Arsenal
96%
Liverpool
96%
Manchester City
96%
Aston Villa
92%
Newcastle
92%
Reading
92%
Tottenham
92%
Fulham
88%
Stoke
88%
% Correct
Everton
84%
Norwich
84%
QPR
84%
Southampton
80%
Swansea
80%
Sunderland
76%
West Brom
76%
West Ham
76%
Wigan
76%
Manchester United
68%

You're not logged in!

Compare scores with friends on all Sporcle quizzes.
OR
Log In

You Might Also Like...

Show Comments

Extras

Top Quizzes Today


Score Distribution

Your Account Isn't Verified!

In order to create a playlist on Sporcle, you need to verify the email address you used during registration. Go to your Sporcle Settings to finish the process.

Report this User

Report this user for behavior that violates our Community Guidelines.

Details: